000 00426nam a2200169Ia 4500
005 20250408093203.0
008 231217s9999 xx 000 0 und d
020 _a9788173660627
082 _a001.6424LEX LEV;26
100 _aLevine, John R. Mason, Tony. Brown, Doug.
245 0 _aLex and yaac
250 _a2nd ed.
260 _c2000
_bShroff
_aMumbai
300 _axxii, 366+18
650 _aLex,yaac
942 _cAA
999 _c193173
_d193173